Cities From Above - #5 - Statistics

General Stats
  • This quiz has been taken 511 times
  • The average score is 5 of 10
Answer Stats
Picture Answer % Correct
Istanbul
81%
Male
67%
Copenhagen
58%
Toronto
51%
Berlin
48%
Salt Lake City
40%
Bergen
36%
Milan
36%
Beirut
35%
Bloemfontein
14%
No matching quizzes found
Score Distribution
Percent of People with Each Score
Percentile by Number Answered
Your Score History
You have not taken this quiz